00616nam a2200193Ia 450000500170000000800410001702000180005808200130007610000260008924500760011526000590019130000150025065000130026565000170027865000110029594200060030695200950031299900150040720240604071319.0240331s9999 xx 000 0 und d a9789555801157 bPERa362 aPerera-Rajasingha,N.P 0aFeminist engagements with violence :bcontingent moments from Sri Lanka aColombobInternational Centre for Ethnic Studiesc2007 a208, p ., aFeminist aHuman Rights aGender cL 001040708LaWERCLbWERCLcSSCd2024-03-31l0o 362 PERp6265r2024-03-31w2024-03-31yL c2464d2464